000 00269nam a2200109Ia 4500
001 1276099
005 20260417160440.0
008 260417s9999 xx 000 0 und d
020 _a9786255929815
245 0 _aHikâye Avcısı
_cSebahat Meraki
260 _bKetebe Genç
999 _c1276099
_d1276099